000 00295 a2200097 4500
020 _a9789364878012
100 _aG. Aravindan
245 _aCheriya manushyarum valiya lokavum(ചെറിയ മനുഷ്യരും വലിയ ലോകവും)
260 _bD C books
_c2024
942 _cOO
999 _c115317
_d115316